[Event "AUTO-OPEN-4642"]
[Site "http://www.queenalice.com/game.php?id=1870213"]
[Date "2026.3.7"]
[Round "1"]
[White "maurice916"]
[Black "donadama"]
[Result "0-1"]
[WhiteElo "1868"]
[BlackElo "1984"]

1. Nf3 d5 2. b3 Nf6 3. Bb2 e6 4. e3 Be7 5. c4 c5 6. cxd5 exd5 7. d4 O-O 8. Be2
Nc6 9. O-O Bg4 10. h3 Bxf3 11. Bxf3 Re8 12. dxc5 Bxc5 13. Nd2 Be7 14. g3 Rc8 15.
Bg2 Qb6 16. Nf3 Ne4 17. Nd4 Nxd4 18. Bxd4 Bc5 19. Bxe4 Bxd4 20. Bxh7+ Kxh7 21.
exd4 Qe6 22. Kh2 g6 23. Qd2 Qe2 24. Qb4 b6 25. Qd6 Qe6 26. Qa3 Qd7 27. Qb2 Qb5
28. a4 Qd3 29. Rad1 Qf3 30. b4 Re2 31. Qb1 Rxf2+ 32. Rxf2 Qxf2+ 33. Kh1 Rc2 34.
Qxc2 Qxc2 35. Rf1 Kg7 36. a5 bxa5 37. bxa5 Qe4+ 38. Kh2 Qxd4 39. h4 Qd2+ 40. Kh3
Qxa5 0-1

[Event "AUTO-OPEN-4642"]
[Site "http://www.queenalice.com/game.php?id=1870214"]
[Date "2026.3.7"]
[Round "1"]
[White "donadama"]
[Black "maurice916"]
[Result "1-0"]
[WhiteElo "2020"]
[BlackElo "1921"]

1. d4 d6 2. Nf3 Nf6 3. Bg5 Bf5 4. e3 h6 5. Bxf6 exf6 6. Bd3 Bxd3 7. Qxd3 Be7 8.
c4 O-O 9. O-O c6 10. Nc3 Na6 11. a3 Nc7 12. Rfe1 d5 13. e4 dxe4 14. Nxe4 f5 15.
Nc3 g6 16. Qe3 Bf6 17. Qxh6 Bg7 18. Qe3 Re8 19. Qd2 Rxe1+ 20. Rxe1 Ne6 21. Ne2
Qc7 22. b4 Rd8 23. d5 cxd5 24. cxd5 Rd6 25. Nf4 Bc3 26. Nxe6 Bxd2 27. Nxc7 Bxe1
28. Nxe1 Rd7 29. Ne8 Re7 30. Nf6+ Kg7 31. Nh5+ gxh5 32. Nd3 f6 33. Kf1 Rd7 34.
Nf4 Kh6 35. g3 b6 36. Ke2 h4 37. Kd3 hxg3 38. fxg3 b5 39. Kd4 Kg7 40. Kc5 Kf7
41. Kc6 Ke8 42. d6 Rh7 43. Ne6 a6 44. Nc5 Rxh2 45. d7+ Ke7 46. Nxa6 Rd2 47. Nc5
Rc2 48. Kxb5 Rd2 49. a4 Rg2 50. Kc6 Rxg3 51. a5 Ra3 52. Kc7 Rc3 53. d8=Q+ 1-0

[Event "AUTO-OPEN-4642"]
[Site "http://www.queenalice.com/game.php?id=1870225"]
[Date "2026.3.7"]
[Round "1"]
[White "donadama"]
[Black "SGF"]
[Result "1-0"]
[WhiteElo "1981"]
[BlackElo "1644"]

1. d4 e6 2. Nf3 f6 3. c4 Bb4+ 4. Nc3 g5 5. e3 h5 6. Bd3 h4 7. Bg6+ Ke7 8. d5 Rh6
9. Qc2 e5 10. O-O d6 11. Bd3 g4 12. Ne1 h3 13. g3 a6 14. Bf5 Bxf5 15. Qxf5 Qd7
16. Qxd7+ Nxd7 17. e4 Nc5 18. Bxh6 Nxh6 19. Nc2 Bxc3 20. bxc3 Nxe4 21. Rab1 Nd2
22. Rxb7 Nxf1 23. Rxc7+ Kd8 24. Rh7 Rb8 25. Rh8+ Ke7 26. Rxb8 Nd2 27. Rh8 Nf5
28. Rg8 Nxc4 29. Rxg4 Nb6 30. Rb4 Nxd5 31. Rb3 Ke6 32. c4 Nc7 33. Rb7 Ne8 34.
Ra7 Nd4 35. Nxd4+ exd4 36. Kf1 d5 37. Rxa6+ Ke5 38. cxd5 Kxd5 39. Ke2 f5 40. Kd3
Nd6 41. Ra5+ Ke6 42. Kxd4 Ne4 43. Ra6+ Kd7 44. f3 Nd2 45. Rh6 Nxf3+ 46. Ke3 Nxh2
47. Rxh3 Ng4+ 48. Kf4 Ke6 49. a4 Nf6 50. Rh6 Ke7 51. Kxf5 Nd5 52. Rh7+ Kd6 53.
g4 Ne7+ 54. Rxe7 Kxe7 55. Kg6 Kd6 56. Kf7 Kc5 57. g5 Kb4 58. g6 Kxa4 59. g7 Kb3
60. g8=Q Kc4 61. Qd8 Kc5 62. Ke6 Kc4 63. Ke5 Kb4 64. Qc8 Kb5 65. Kd5 Kb4 66.
Qc4+ Ka3 67. Qb5 Ka2 68. Kc4 Ka3 69. Qb3# 1-0

[Event "AUTO-OPEN-4642"]
[Site "http://www.queenalice.com/game.php?id=1870226"]
[Date "2026.3.7"]
[Round "1"]
[White "SGF"]
[Black "donadama"]
[Result "1-0"]
[WhiteElo "1736"]
[BlackElo "2008"]

1. e4 c5 2. Qf3 Nc6 3. c3 e6 4. d3 Qc7 5. Be2 Nf6 6. Qg3 Qxg3 7. hxg3 d5 8. exd5
Nxd5 9. Bf3 Bd7 10. a4 a5 11. Bxd5 exd5 12. Nf3 O-O-O 13. O-O h5 14. Ng5 Be6 15.
Re1 Rd6 16. Bf4 1-0

[Event "AUTO-ADV-4931"]
[Site "http://www.queenalice.com/game.php?id=1872133"]
[Date "2026.4.17"]
[Round "1"]
[White "rviana"]
[Black "donadama"]
[Result "1-0"]
[WhiteElo "2067"]
[BlackElo "2018"]

1. b3 d5 2. Nf3 e6 3. Bb2 Nf6 4. e3 Be7 5. d4 O-O 6. Bd3 c5 7. dxc5 Bxc5 8. Nbd2
Nbd7 9. O-O b6 10. Qe2 Bb7 11. Rac1 h6 12. c4 Re8 13. Rfd1 Rc8 14. h3 e5 15. Bf5
d4 16. exd4 exd4 17. Qd3 Bxf3 18. Nxf3 Rc7 19. Kf1 Ne5 20. Nxe5 Rxe5 21. a3 Rce7
22. b4 Bd6 23. Bxd4 1-0

[Event "AUTO-ADV-4931"]
[Site "http://www.queenalice.com/game.php?id=1872134"]
[Date "2026.4.17"]
[Round "1"]
[White "donadama"]
[Black "rviana"]
[Result "0-1"]
[WhiteElo "2041"]
[BlackElo "1995"]

1. d4 c6 2. c4 d5 3. Nf3 Bf5 4. Bf4 e6 5. e3 Bb4+ 6. Nc3 Nf6 7. Bd3 Bg6 8. O-O
O-O 9. Bxg6 hxg6 10. Bg5 Nbd7 11. Qb3 Qa5 12. a3 Bxc3 13. bxc3 Ne4 14. Rfc1 Nxg5
15. Nxg5 dxc4 16. Qxc4 Qxg5 17. Rab1 Nb6 18. Qd3 Rfd8 0-1

[Event "AUTO-ADV-4931"]
[Site "http://www.queenalice.com/game.php?id=1872145"]
[Date "2026.4.17"]
[Round "1"]
[White "Carlos19"]
[Black "donadama"]
[Result "0-1"]
[WhiteElo "1775"]
[BlackElo "2023"]

1. e4 c6 2. Bc4 d5 3. exd5 cxd5 4. Bb5+ Nc6 5. Nf3 Qc7 6. O-O e6 7. Re1 Nf6 8.
Ne5 Bd6 9. d4 Bd7 10. Nxd7 Nxd7 11. Bxc6 bxc6 12. g3 c5 13. Be3 O-O 14. dxc5
Nxc5 15. Bxc5 Bxc5 16. Re2 Qb7 17. b3 g6 18. Nc3 Rac8 19. Na4 Be7 20. f4 Bf6 21.
Rb1 a6 22. b4 Rc4 23. Re3 Bd4 24. Kf2 Bxe3+ 25. Kxe3 Rfc8 26. c3 f5 27. Rc1 d4+
28. Kd3 Qe4+ 29. Kd2 Qe3+ 30. Kc2 Rxb4 31. Qe1 Qxe1 32. Rxe1 Rxa4 33. Kb1 dxc3
34. Rxe6 c2+ 35. Kc1 Rxa2 36. h4 Ra1+ 0-1

[Event "AUTO-ADV-4931"]
[Site "http://www.queenalice.com/game.php?id=1872146"]
[Date "2026.4.17"]
[Round "1"]
[White "donadama"]
[Black "Carlos19"]
[Result "1-0"]
[WhiteElo "2014"]
[BlackElo "1770"]

1. d4 e6 2. c4 Bb4+ 3. Nc3 Nf6 4. Bg5 h6 5. Bh4 O-O 6. Nf3 Bxc3+ 7. bxc3 b6 8.
e3 a5 9. Be2 Ba6 10. Qc2 g5 11. Bg3 d6 12. O-O d5 13. cxd5 Bxe2 14. Qxe2 Ne4 15.
dxe6 Nxg3 16. exf7+ Rxf7 17. fxg3 g4 18. Ne5 Rxf1+ 19. Rxf1 Nd7 20. Qxg4+ Kh7
21. Rf7+ Kh8 22. Qg7# 1-0

[Event "AUTO-ADV-4931"]
[Site "http://www.queenalice.com/game.php?id=1872151"]
[Date "2026.4.17"]
[Round "1"]
[White "kuntakinte"]
[Black "donadama"]
[Result "0-1"]
[WhiteElo "1777"]
[BlackElo "2033"]

1. e4 c6 2. c3 d5 3. e5 Qc7 4. d4 e6 5. Nf3 Ne7 6. Ng5 Nf5 7. Qf3 h6 8. Nh3 c5
9. Bd3 cxd4 10. Bf4 dxc3 11. Nxc3 Bb4 12. O-O Nd7 13. Nb5 Qb8 14. a3 Ba5 15.
Nd6+ Nxd6 16. exd6 O-O 17. Kh1 e5 18. Bb5 exf4 19. Qxf4 Nf6 20. Ng1 Bd7 21. a4
a6 22. Bd3 Ne8 23. Bf5 Bxf5 24. Qxf5 Qxd6 25. Rad1 Nf6 26. Ne2 Rfe8 27. Nf4 Re5
28. Qd3 Rd8 29. Qb3 Ng4 30. h3 Nf6 31. Qxb7 Re7 32. Qb3 Qxf4 33. Qa3 Re2 34. Qd3
Rxf2 35. Qxa6 Bc7 0-1

[Event "AUTO-ADV-4931"]
[Site "http://www.queenalice.com/game.php?id=1872152"]
[Date "2026.4.17"]
[Round "1"]
[White "donadama"]
[Black "kuntakinte"]
[Result "1-0"]
[WhiteElo "2036"]
[BlackElo "1766"]

1. d4 d5 2. Nf3 Nc6 3. Bf4 e6 4. e3 Bb4+ 5. c3 Ba5 6. Bd3 Nf6 7. O-O O-O 8. Nbd2
a6 9. Re1 b5 10. Nb3 Bb6 11. Qc2 b4 12. c4 a5 13. cxd5 Nxd5 14. Qxc6 Bd7 15. Qc2
Ba4 16. Bxh7+ Kh8 17. Be4 Rc8 18. Bxd5 Qxd5 19. Ng5 g6 20. Be5+ Kg8 21. Bf6 Bc6
22. e4 Qd7 23. Qd2 Bb7 24. e5 Qd5 25. Ne4 Kh7 26. Qe3 c5 27. Qh3+ 1-0

[Event "AUTO-ADV-4920"]
[Site "http://www.queenalice.com/game.php?id=1872996"]
[Date "2026.5.6"]
[Round "2"]
[White "Jsc"]
[Black "donadama"]
[Result "1-0"]
[WhiteElo "2037"]
[BlackElo "1993"]

1. e4 c6 2. d4 d5 3. e5 Bf5 4. c4 e6 5. Nc3 Bb4 6. Qb3 Bxc3+ 7. bxc3 Qc7 8. Ba3
Ne7 9. Bd6 Qd7 10. Nf3 O-O 11. Be2 Be4 12. O-O dxc4 13. Qxc4 Nf5 14. Bxf8 Kxf8
15. Qa4 b5 16. Qd1 Na6 17. Ng5 Bd5 18. Nxh7+ Ke7 19. Ng5 Rh8 20. a4 Qb7 21. axb5
cxb5 22. Qb1 Bxg2 23. Rc1 Nh4 24. Qxb5 Qxb5 25. Bxb5 Nc7 26. Rxa7 1-0

[Event "AUTO-ADV-4920"]
[Site "http://www.queenalice.com/game.php?id=1873000"]
[Date "2026.5.6"]
[Round "2"]
[White "donadama"]
[Black "Connor"]
[Result "1-0"]
[WhiteElo "2014"]
[BlackElo "1865"]

1. d4 d5 2. Nf3 e6 3. Bg5 Nf6 4. e3 c5 5. c3 Nc6 6. Bd3 a6 7. O-O c4 8. Bc2 b5
9. Re1 Be7 10. Nbd2 b4 11. cxb4 Nxb4 12. Ba4+ Bd7 13. Bxd7+ Qxd7 14. Ne5 Qb5 15.
a3 Nc6 16. Nxc6 Qxc6 17. Qc2 Qc8 18. Bxf6 Bxf6 19. Rac1 O-O 20. b3 cxb3 21. Qxb3
Qd7 22. Nf3 Rfc8 23. g3 Rxc1 24. Rxc1 g6 25. Rc3 Rc8 26. Rxc8+ Qxc8 27. Kf1 Be7
28. Ne5 Qc1+ 29. Kg2 Qxa3 30. Qb8+ Kg7 31. Qe8 1-0

[Event "AUTO-ADV-4920"]
[Site "http://www.queenalice.com/game.php?id=1873001"]
[Date "2026.5.6"]
[Round "2"]
[White "Connor"]
[Black "donadama"]
[Result "1-0"]
[WhiteElo "1907"]
[BlackElo "2039"]

1. d4 d5 2. e3 Nf6 3. Nf3 e6 4. c4 Bb4+ 5. Bd2 Bxd2+ 6. Qxd2 c5 7. dxc5 O-O 8.
cxd5 Nxd5 9. b4 Qc7 10. a3 Qxc5 11. bxc5 1-0

[Event "AUTO-OPEN-4653"]
[Site "http://www.queenalice.com/game.php?id=1873615"]
[Date "2026.5.21"]
[Round "1"]
[White "donadama"]
[Black "Carlos19"]
[Result "1-0"]
[WhiteElo "2024"]
[BlackElo "1575"]

1. d4 e6 2. c4 Bb4+ 3. Nc3 Nf6 4. Bg5 h6 5. Bh4 c6 6. e3 g5 7. Bg3 Ne4 8. Qc2
Nxg3 9. hxg3 Bxc3+ 10. Qxc3 f5 11. d5 c5 12. Qxh8+ Ke7 13. Qxh6 g4 14. Qg5+ Ke8
15. Rh8+ 1-0

[Event "AUTO-OPEN-4653"]
[Site "http://www.queenalice.com/game.php?id=1873616"]
[Date "2026.5.21"]
[Round "1"]
[White "Carlos19"]
[Black "donadama"]
[Result "1-0"]
[WhiteElo "1538"]
[BlackElo "2023"]

1. e4 c6 2. Nf3 d5 3. e5 Bf5 4. d3 e6 5. Bf4 Bc5 6. d4 Bb4+ 7. c3 Ba5 8. b4 Bb6
9. a4 a5 10. b5 cxb5 11. axb5 Ne7 12. c4 dxc4 13. Bxc4 O-O 14. O-O Qc7 15. Nbd2
Be4 16. Nxe4 Qxc4 17. Nd6 Qc7 18. Rc1 Qd7 19. Qd3 Nf5 20. Nxf5 exf5 21. h4 Rd8
22. Rc4 Qxb5 23. Rb1 Qa6 24. d5 Nc6 25. d6 Rd7 26. Ne1 a4 27. Ra1 a3 28. Bc1 a2
29. Rf4 Qxd3 30. Nxd3 f6 31. Bb2 fxe5 32. Nxe5 1-0

[Event "AUTO-OPEN-4653"]
[Site "http://www.queenalice.com/game.php?id=1873617"]
[Date "2026.5.21"]
[Round "1"]
[White "donadama"]
[Black "mvson33"]
[Result "1-0"]
[WhiteElo "2026"]
[BlackElo "1762"]

1. d4 d5 2. Nf3 Nf6 3. Bg5 Nbd7 4. e3 e6 5. Bd3 Be7 6. Nbd2 O-O 7. c4 dxc4 8.
Nxc4 b6 9. O-O Bb7 10. Re1 c5 11. dxc5 Nxc5 12. Bb1 Rc8 13. Qc2 Be4 14. Qd2 Bxb1
15. Qxd8 Rcxd8 16. Raxb1 Nce4 17. Bf4 Nc5 18. Red1 Rxd1+ 19. Rxd1 Rd8 20. Rxd8+
Bxd8 21. Nd4 Ncd7 22. Nc6 1-0

[Event "AUTO-OPEN-4653"]
[Site "http://www.queenalice.com/game.php?id=1873618"]
[Date "2026.5.21"]
[Round "1"]
[White "mvson33"]
[Black "donadama"]
[Result "1/2-1/2"]
[WhiteElo "1777"]
[BlackElo "2031"]

1. d4 d5 2. Nf3 Nf6 3. e3 e6 4. c4 c5 5. dxc5 Bxc5 6. cxd5 Nxd5 7. Be2 O-O 8.
O-O Nc6 9. Bd2 b6 10. Nc3 Nf6 11. Qc2 Bb7 12. Rac1 Nb4 13. Qb1 Rc8 14. a3 Bxf3
15. Bxf3 Nbd5 16. Rfd1 Nxc3 17. Bxc3 Qe7 18. g3 Rfd8 19. Rxd8+ Rxd8 20. Rd1
Rxd1+ 21. Qxd1 h6 22. Qa4 Qd7 23. Qxd7 Nxd7 24. Bc6 Nb8 25. Bg2 Kf8 26. Kf1 f6
27. Ke2 Ke7 28. Kd3 g5 29. Kc4 a6 1/2-1/2

[Event "AUTO-OPEN-4642"]
[Site "http://www.queenalice.com/game.php?id=1874214"]
[Date "2026.5.31"]
[Round "2"]
[White "josebaron"]
[Black "donadama"]
[Result "1-0"]
[WhiteElo "2161"]
[BlackElo "2058"]

1. e4 c5 2. Nf3 e6 3. d4 cxd4 4. Nxd4 Nc6 5. Nxc6 bxc6 6. Bd3 d5 7. exd5 cxd5 8.
O-O Bd6 9. Nd2 Qc7 10. Nf3 Bb7 11. Bb5+ Bc6 12. Bxc6+ Qxc6 13. c3 Nf6 14. Re1
O-O 15. h3 Rab8 16. Qc2 g6 17. a4 Rbc8 18. Be3 a6 19. Qe2 Rfe8 20. b4 Qxc3 21.
Bd4 1-0

[Event "AUTO-OPEN-4642"]
[Site "http://www.queenalice.com/game.php?id=1874215"]
[Date "2026.5.31"]
[Round "2"]
[White "donadama"]
[Black "josebaron"]
[Result "1-0"]
[WhiteElo "2031"]
[BlackElo "2198"]

1. d4 d5 2. Nf3 Nf6 3. Bg5 e6 4. e3 Be7 5. Bd3 O-O 6. O-O h6 7. Bh4 Ne4 8. Bxe7
Qxe7 9. Nbd2 Nxd2 10. Qxd2 Nd7 11. c3 Nf6 12. Rfe1 Bd7 13. Qc2 c5 14. e4 dxe4
15. Bxe4 Nxe4 16. Qxe4 Bc6 17. d5 Bxd5 18. Qxd5 1-0